EALA (Record no. 296)
[ view plain ]
| 000 -LEADER | |
|---|---|
| fixed length control field | 00504nam a22001097a 4500 |
| 008 - FIXED-LENGTH DATA ELEMENTS--GENERAL INFORMATION | |
| fixed length control field | 230605b xxu||||| |||| 00| 0 eng d |
| 082 ## - DEWEY DECIMAL CLASSIFICATION NUMBER | |
| Classification number | 328.6762 |
| Item number | EALA |
| 245 ## - TITLE STATEMENT | |
| Title | EALA |
| Remainder of title | Rsource-based conflict in east africa:A case study of the kagera;karamoja and lake victoria border regions |
| Statement of responsibility, etc. | Report on a preliminary study by the committees of regional affairs and conflicts resolution, and of agriculture ,tourism and natural resources |
| Medium | october 2003 |
| 260 ## - PUBLICATION, DISTRIBUTION, ETC. (IMPRINT) | |
| Place of publication, distribution, etc. | Arusha |
| Name of publisher, distributor, etc. | EALA |
| Date of publication, distribution, etc. | 2006 |
| 300 ## - PHYSICAL DESCRIPTION | |
| Extent | 140p |
| 942 ## - ADDED ENTRY ELEMENTS (KOHA) | |
| Source of classification or shelving scheme | Dewey Decimal Classification |
| Koha item type | Books |
| Withdrawn status | Lost status | Source of classification or shelving scheme | Damaged status | Not for loan | Home library | Current library | Date acquired | Total Checkouts | Full call number | Barcode | Date last seen | Price effective from | Koha item type |
|---|---|---|---|---|---|---|---|---|---|---|---|---|---|
| Dewey Decimal Classification | Bunge Tower Library | Bunge Tower Library | 06/05/2023 | 328.6762 EALA | 10015689 | 06/05/2023 | 06/05/2023 | Books | |||||
| Dewey Decimal Classification | Bunge Tower Library | Bunge Tower Library | 06/05/2023 | 328.6762 EALA | 10015687 | 06/05/2023 | 06/05/2023 | Books | |||||
| Dewey Decimal Classification | Bunge Tower Library | Bunge Tower Library | 06/05/2023 | 328.6762 EALA | 10015688 | 06/05/2023 | 06/05/2023 | Books |
